[Event "GER-chT U20"]
[Site "Muenster"]
[Date "2022.12.29"]
[Round "6"]
[White "Enxing, Philemon"]
[Black "Schulz, Jannis"]
[Result "0-1"]
[WhiteElo "1828"]
[BlackElo "1731"]
[PlyCount "40"]
[EventDate "2022.12.26"]
[EventType "team-swiss"]
[EventRounds "7"]
[EventCountry "GER"]
[SourceTitle "CBM 212 Extra"]
[Source "ChessBase"]
[SourceDate "2023.03.31"]
[SourceVersion "1"]
[SourceVersionDate "2023.03.31"]
[SourceQuality "1"]
[WhiteTeam "Leipzig SG"]
[BlackTeam "Barnim Schachfreunde"]
[WhiteTeamCountry "GER"]
[BlackTeamCountry "GER"]

1. e4 c6 2. d4 d5 3. exd5 cxd5 4. c4 Nf6 5. Nc3 e6 6. Bg5 Be7 7. Nf3 Nc6 8. a3 0-0 9. Bd3 a6 10. 0-0 dxc4 11. Bxc4 b5 12. Ba2 Bb7 13. Qd3 Nd5 14. Bxe7 Ncxe7 15. Rac1 Nf4 16. Qe3 Ned5 17. Nxd5 Nxd5 18. Qe5 Rc8 19. Bb1 Nf6 20. Rxc8 Qxc8 0-1

[Event "GER-chT U20"]
[Site "Muenster"]
[Date "2022.12.27"]
[Round "1"]
[White "Schulz, Jannis"]
[Black "Seref, Erdogan"]
[Result "1/2-1/2"]
[WhiteElo "1731"]
[BlackElo "1987"]
[PlyCount "122"]
[EventDate "2022.12.26"]
[EventType "team-swiss"]
[EventRounds "7"]
[EventCountry "GER"]
[SourceTitle "CBM 212 Extra"]
[Source "ChessBase"]
[SourceDate "2023.03.31"]
[SourceVersion "1"]
[SourceVersionDate "2023.03.31"]
[SourceQuality "1"]
[WhiteTeam "Barnim Schachfreunde"]
[BlackTeam "Brackel"]
[WhiteTeamCountry "GER"]
[BlackTeamCountry "GER"]

1. e4 e5 2. Nf3 Nf6 3. Nc3 Nc6 4. Bc4 Nxe4 5. Nxe4 d5 6. Qe2 dxc4 7. Qxc4 Be6 8. Qb5 Bd5 9. Qe2 Be7 10. 0-0 0-0 11. d3 Qd7 12. Be3 Qg4 13. h3 Qg6 14. Nc3 Be6 15. Kh1 Rad8 16. Bd2 Qf5 17. Rfe1 Nd4 18. Nxd4 exd4 19. Ne4 Qb5 20. b3 Qd5 21. Qf3 Rfe8 22. Qg3 Kh8 23. Ng5 Bxg5 24. Bxg5 f6 25. Bd2 Qc5 26. Rac1 Bd5 27. f3 a5 28. a4 b6 29. Qf2 Bf7 30. Bf4 Qc3 31. Qd2 Qc5 32. Bg3 Bg6 33. Rxe8+ Rxe8 34. Re1 Rxe1+ 35. Bxe1 Qe5 36. Bf2 Kg8 37. Qe1 Kf7 38. Bg3 Qxe1+ 39. Bxe1 Ke6 40. Bg3 Kd7 41. Bf2 c5 42. Bg3 Kc6 43. Be1 b5 44. Bxa5 c4 45. bxc4 bxc4 46. c3 cxd3 47. cxd4 Kd5 48. Bd2 Kc4 49. Kg1 Kb3 50. Kf2 Kxa4 51. Ke3 Kb5 52. f4 h5 53. h4 Kc4 54. g3 Bf5 55. Ba5 Kd5 56. Bb4 Be4 57. Ba5 g6 58. Bb4 f5 59. Ba5 Kc4 60. Be1 Kd5 61. Ba5 Kc4 1/2-1/2

[Event "GER-ch Youth-A"]
[Site "Willingen"]
[Date "2022.06.11"]
[Round "9"]
[White "Bartelt, Max Peter"]
[Black "Schulz, Jannis"]
[Result "1/2-1/2"]
[WhiteElo "1959"]
[BlackElo "1810"]
[PlyCount "149"]
[EventDate "2022.06.04"]
[EventType "swiss"]
[EventRounds "9"]
[EventCountry "GER"]
[SourceTitle "CBM 208 Extra"]
[Source "ChessBase"]
[SourceDate "2022.07.31"]
[SourceVersion "1"]
[SourceVersionDate "2022.07.31"]
[SourceQuality "1"]

1. d4 d5 2. Nf3 Nf6 3. g3 e6 4. Bg2 c5 5. 0-0 Nc6 6. c4 dxc4 7. Qa4 Bd7 8. Qxc4 cxd4 9. Nxd4 Rc8 10. Nc3 Be7 11. Rd1 Qb6 12. Nb3 a6 13. Be3 Qb4 14. Qxb4 Bxb4 15. Bg5 Bxc3 16. bxc3 Nd8 17. Na5 b6 18. Nb7 Nxb7 19. Bxb7 Rxc3 20. Bxa6 Ra3 21. Bc4 Ke7 22. e4 h6 23. Bc1 Ra7 24. e5 Ne4 25. f3 Rc8 26. Rd4 Nc5 27. Rb1 Na4 28. Ba3+ Ke8 29. Bb4 b5 30. Rxd7 Kxd7 31. Bxb5+ Kc7 32. Bd6+ Kd8 33. Rb3 Nc3 34. Bd3 Nd5 35. a3 g6 36. Kg2 h5 37. Kh3 Rc3 38. Rb8+ Rc8 39. Rb3 Ne7 40. g4 hxg4+ 41. fxg4 Ke8 42. Kh4 Kf8 43. Kg5 Kg7 44. h4 Ng8 45. Rb6 Rd8 46. Bb5 Ne7 47. a4 Nd5 48. Rc6 Rh8 49. Bc5 Rc7 50. Rxc7 Nxc7 51. Be7 Ra8 52. Bf6+ Kg8 53. Bc6 Ra6 54. Bd7 Nd5 55. h5 gxh5 56. gxh5 Ra7 57. Bb5 Ne3 58. Bd8 Ra8 59. Be7 Rc8 60. h6 Rc1 61. a5 Rg1+ 62. Kh5 Nf5 63. Bc5 Rc1 64. Bb6 Ra1 65. a6 Ne7 66. Bd8 Ng6 67. Bd3 Rd1 68. a7 Ra1 69. Bxg6 fxg6+ 70. Kxg6 Rxa7 71. Bf6 Rh7 72. Bg5 Rf7 73. Be3 Rf3 74. Bc5 Rf7 75. Bd6 1/2-1/2

[Event "GER-chT Christmas U20"]
[Site "Playchess.com INT"]
[Date "2020.12.29"]
[Round "5.1"]
[White "Schelhorn, Paul"]
[Black "Schulz, Jannis"]
[Result "0-1"]
[WhiteElo "1730"]
[BlackElo "1786"]
[PlyCount "60"]
[EventDate "2020.12.29"]
[EventType "team-swiss (blitz)"]
[EventRounds "7"]
[EventCountry "GER"]
[SourceTitle "CBM 200 Extra"]
[Source "ChessBase"]
[SourceDate "2021.03.31"]
[SourceVersion "1"]
[SourceVersionDate "2021.03.31"]
[SourceQuality "1"]
[WhiteTeam "Heinsberg"]
[BlackTeam "Barnim Stahl Finow"]
[WhiteTeamCountry "GER"]
[BlackTeamCountry "GER"]

1. Nf3 d5 2. d4 Nf6 3. c4 e6 4. Nc3 c6 5. g3 Bb4 6. Bd2 0-0 7. Bg2 dxc4 8. 0-0 Nbd7 9. Re1 Nb6 10. e4 h6 11. a3 Be7 12. Qe2 c5 13. Be3 cxd4 14. Bxd4 Qc7 15. Rad1 Bd7 16. Ne5 Bc6 17. Nxc4 Nxc4 18. Qxc4 Rac8 19. Bxa7 b5 20. Qd4 Rfd8 21. Qb6 Qxb6 22. Bxb6 Rxd1 23. Rxd1 b4 24. axb4 Bxb4 25. f3 Nd7 26. Be3 Bxc3 27. bxc3 Ba4 28. Rc1 Ne5 29. f4 Nd3 30. Bd4 Nxc1 0-1

[Event "DSOL 06 Liga Gr-D 1st"]
[Site "Playchess.com INT"]
[Date "2020.08.07"]
[Round "7.1"]
[White "Mueller, Marvin"]
[Black "Schulz, Jannis"]
[Result "1-0"]
[WhiteElo "1721"]
[BlackElo "1815"]
[PlyCount "57"]
[EventDate "2020.06.22"]
[EventType "team-tourn (rapid)"]
[EventCountry "GER"]
[SourceTitle "EXT 2021"]
[Source "ChessBase"]
[SourceDate "2020.10.23"]
[SourceVersion "1"]
[SourceVersionDate "2020.10.23"]
[SourceQuality "1"]
[WhiteTeam "Hamburger SK VI"]
[BlackTeam "Barnim"]
[WhiteTeamCountry "GER"]
[BlackTeamCountry "GER"]

1. e4 c6 2. d4 d5 3. e5 Bf5 4. Ne2 e6 5. Ng3 Bg6 6. h4 h6 7. h5 Bh7 8. Bd3 Bxd3 9. cxd3 c5 10. dxc5 Bxc5 11. d4 Bb4+ 12. Nc3 Nc6 13. Qg4 Bf8 14. 0-0 Qb6 15. Be3 Nge7 16. f4 Qxb2 17. Rfc1 a6 18. Rab1 Qa3 19. Rb3 Qa5 20. f5 exf5 21. Nxf5 Nxf5 22. Qxf5 Ne7 23. Qf3 Rc8 24. Bd2 b5 25. Rf1 b4 26. Qxf7+ Kd8 27. Nb1 Qxa2 28. Rxb4 Qc2 29. Rb7 1-0

[Event "DSOL 06 Liga Gr-D 1st"]
[Site "Playchess.com INT"]
[Date "2020.07.17"]
[Round "4.1"]
[White "Schulz, Jannis"]
[Black "Schmidt, Franz"]
[Result "1-0"]
[WhiteElo "1815"]
[BlackElo "1762"]
[PlyCount "73"]
[EventDate "2020.06.22"]
[EventType "team-tourn (rapid)"]
[EventCountry "GER"]
[SourceTitle "EXT 2021"]
[Source "ChessBase"]
[SourceDate "2020.10.23"]
[SourceVersion "1"]
[SourceVersionDate "2020.10.23"]
[SourceQuality "1"]
[WhiteTeam "Barnim"]
[BlackTeam "Abensberg"]
[WhiteTeamCountry "GER"]
[BlackTeamCountry "GER"]

1. d4 d5 2. Nf3 Nf6 3. Bf4 e6 4. e3 c5 5. c3 Nc6 6. Bd3 Bd7 7. Nbd2 cxd4 8. exd4 Rc8 9. 0-0 Nh5 10. Bg3 Nxg3 11. hxg3 Bd6 12. Re1 0-0 13. Ne5 Nxe5 14. dxe5 Bc5 15. Nb3 Bb6 16. Qg4 f5 17. Qf3 Qg5 18. Qf4 Qe7 19. Nd4 g5 20. Qd2 a6 21. Rac1 h6 22. a3 Ba7 23. Qe2 b5 24. g4 Bxd4 25. cxd4 Rxc1 26. Rxc1 Rc8 27. Rxc8+ Bxc8 28. Qc2 Qd7 29. gxf5 exf5 30. Qc5 Kg7 31. Qb6 Qe6 32. Qxe6 Bxe6 33. Kf1 h5 34. g3 h4 35. gxh4 gxh4 36. f4 Kh6 37. Kg2 1-0

[Event "GER-chT North U14"]
[Site "Magdeburg"]
[Date "2014.09.13"]
[Round "5.3"]
[White "Schulz, Jannis"]
[Black "Mueller, Marvin"]
[Result "1-0"]
[WhiteElo "1074"]
[BlackElo "1289"]
[PlyCount "69"]
[EventDate "2014.09.11"]
[EventType "team-swiss"]
[EventRounds "7"]
[EventCountry "GER"]
[SourceTitle "EXT 2016"]
[Source "ChessBase"]
[SourceDate "2015.10.08"]
[SourceVersion "1"]
[SourceVersionDate "2015.10.08"]
[SourceQuality "1"]
[WhiteTeam "Berlin Eintracht"]
[BlackTeam "Hamburg"]
[WhiteTeamCountry "GER"]
[BlackTeamCountry "GER"]

1. d4 d5 2. Nf3 Nf6 3. e3 e6 4. Bd3 Nc6 5. c3 Bd6 6. Nbd2 Bd7 7. 0-0 Ne7 8. e4 dxe4 9. Nxe4 Nxe4 10. Bxe4 c6 11. Re1 f5 12. Bc2 h6 13. Bd2 g5 14. Ne5 Rf8 15. Qh5+ Ng6 16. Qxg6+ Ke7 17. Nxd7 Qxd7 18. Bxf5 Rf6 19. Qg7+ Rf7 20. Bxg5+ hxg5 21. Qxg5+ Rf6 22. Rxe6+ Qxe6 23. Bxe6 Kxe6 24. Re1+ Kf7 25. Qh5+ Kg7 26. g3 Rh8 27. Qg4+ Kf7 28. Qd7+ Kg6 29. Re6 Bf8 30. Rxf6+ Kxf6 31. Qxb7 Rh6 32. Qxc6+ Kg7 33. Qc7+ Kg6 34. d5 Kf5 35. Qf4+ 1-0

[Event "GER-chT North U14"]
[Site "Magdeburg"]
[Date "2014.09.12"]
[Round "4.3"]
[White "Kozusenok, Vladyslav"]
[Black "Schulz, Jannis"]
[Result "1/2-1/2"]
[WhiteElo "1079"]
[BlackElo "1074"]
[PlyCount "40"]
[EventDate "2014.09.11"]
[EventType "team-swiss"]
[EventRounds "7"]
[EventCountry "GER"]
[SourceTitle "EXT 2016"]
[Source "ChessBase"]
[SourceDate "2015.10.08"]
[SourceVersion "1"]
[SourceVersionDate "2015.10.08"]
[SourceQuality "1"]
[WhiteTeam "Weisse Dame"]
[BlackTeam "Berlin Eintracht"]
[WhiteTeamCountry "GER"]
[BlackTeamCountry "GER"]

1. d4 d5 2. c4 e6 3. Nc3 f5 4. Nf3 Nf6 5. Bg5 c6 6. cxd5 exd5 7. e3 Be7 8. Ne5 Ne4 9. Nxe4 fxe4 10. Bxe7 Qxe7 11. Be2 Nd7 12. Nxd7 Bxd7 13. Bh5+ g6 14. Be2 0-0 15. 0-0 Qg5 16. Kh1 Rf7 17. Qe1 Raf8 18. Rc1 Qh4 19. Kg1 Qg5 20. Kh1 Qh4 1/2-1/2